Диагностика силовых трансформаторов: учебное пособие

Bibliografski detalji
Glavni autor: Ушаков В. Я. Василий Яковлевич
Autor kompanije: Национальный исследовательский Томский политехнический университет Инженерная школа энергетики Отделение электроэнергетики и электротехники (ОЭЭ)
Daljnji autori: Лавринович В. А. Валерий Александрович, Мытников А. В. Алексей Владимирович
Sažetak:Заглавие с титульного экрана
Электронная версия печатной публикации
Пособие посвящено анализу причин и последствий выхода из строя силовых трансформаторов, подробному рассмотрению традиционных и новых методов и приборов диагностики их состояния, разработанных ведущими российскими и мировыми энергетическими и аппаратостроительными компаниями. Предназначено для магистрантов, обучающихся по основной образовательной программе «Высоковольтная энергетика, электроизоляционная и кабельная техника», и для бакалавров, обучающихся по направлению «Электроэнергетика», профиль «Высоковольтная электроэнергетика и электротехника».
Режим доступа: из корпоративной сети ТПУ
Jezik:ruski
Izdano: Томск, Изд-во ТПУ, 2022
Teme:
Online pristup:https://www.lib.tpu.ru/fulltext2/m/2022/m23.pdf
Format: MixedMaterials Elektronički Knjiga
KOHA link:https://koha.lib.tpu.ru/cgi-bin/koha/opac-detail.pl?biblionumber=347988

MARC

LEADER 00000nlm0a2200000 4500
001 347988
005 20240123104413.0
010 |a 9785438710929 
035 |a (RuTPU)RU\TPU\book\379944 
035 |a RU\TPU\book\373724 
090 |a 347988 
100 |a 20220914d2022 m y0rusy50 ca 
101 0 |a rus 
102 |a RU 
105 |a a j 001zy 
135 |a drcn ---uucaa 
181 0 |a i  
182 0 |a b 
200 1 |a Диагностика силовых трансформаторов  |e учебное пособие  |f В. Я. Ушаков, В. А. Лавринович, А. В. Мытников  |g Национальный исследовательский Томский политехнический университет, Инженерная школа энергетики, Отделение электроэнергетики и электротехники (ОЭЭ) 
203 |a Текст  |c электронный 
210 |a Томск  |c Изд-во ТПУ  |d 2022 
300 |a Заглавие с титульного экрана 
300 |a Электронная версия печатной публикации 
330 |a Пособие посвящено анализу причин и последствий выхода из строя силовых трансформаторов, подробному рассмотрению традиционных и новых методов и приборов диагностики их состояния, разработанных ведущими российскими и мировыми энергетическими и аппаратостроительными компаниями. Предназначено для магистрантов, обучающихся по основной образовательной программе «Высоковольтная энергетика, электроизоляционная и кабельная техника», и для бакалавров, обучающихся по направлению «Электроэнергетика», профиль «Высоковольтная электроэнергетика и электротехника». 
333 |a Режим доступа: из корпоративной сети ТПУ 
452 1 |0 (RuTPU)RU\TPU\book\380123  |y 978-5-4387-1092-9  |t Диагностика силовых трансформаторов  |o учебное пособие  |f В. Я. Ушаков, В. А. Лавринович, А. В. Мытников  |g Национальный исследовательский Томский политехнический университет ; под ред. В. Я. Ушакова  |c Томск  |n Изд-во ТПУ  |d 2022  |p 79 с.  |a Ушаков, Василий Яковлевич 
606 1 |a Трансформаторы силовые  |2 stltpush  |3 (RuTPU)RU\TPU\subj\61486  |9 78674 
610 1 |a электронный ресурс 
610 1 |a учебные пособия 
610 1 |a труды учёных ТПУ 
610 1 |a отказы 
610 1 |a нарушения 
610 1 |a старение 
610 1 |a неэлектрические методы 
610 1 |a контроль 
610 1 |a физико-химические методы 
610 1 |a традиционные методы 
610 1 |a электрические методы 
610 1 |a дефектографирование 
610 1 |a диагностирование 
610 1 |a перспективные методы 
610 1 |a зондирование 
675 |a 621.314.222.6(075.8)  |v 4 
700 1 |a Ушаков  |b В. Я.  |c специалист в области электроэнергетики  |c профессор Томского политехнического университета, доктор технических наук  |f 1939-  |g Василий Яковлевич  |3 (RuTPU)RU\TPU\pers\10509  |9 2236 
701 1 |a Лавринович  |b В. А.  |c специалист в области энергетики  |c профессор Томского политехнического университета, доктор технических наук  |f 1948-  |g Валерий Александрович  |3 (RuTPU)RU\TPU\pers\27987 
701 1 |a Мытников  |b А. В.  |c специалист в области энергетики  |c доцент Томского политехнического университета, кандидат технических наук  |f 1966-  |g Алексей Владимирович  |3 (RuTPU)RU\TPU\pers\28065  |9 13027 
712 0 2 |a Национальный исследовательский Томский политехнический университет  |b Инженерная школа энергетики  |b Отделение электроэнергетики и электротехники (ОЭЭ)  |3 (RuTPU)RU\TPU\col\23505 
801 2 |a RU  |b 63413507  |c 20230116  |g RCR 
856 4 |u https://www.lib.tpu.ru/fulltext2/m/2022/m23.pdf 
942 |c CF